000 00860nam a2200229Ii 4500
003 JO-AjNU
008 230605s9999||||xx |||||||||||||| ||und||
017 _a2010/3679
020 _a978-9947-863-44-2
040 _aJO-AjNU
_bara
_erda
_cJO-AjNU
041 _aara
050 1 4 _aPJ7561 2010
100 3 _aعتيق، مديحة,
_eauthor
_946336
245 0 0 _aأسطورة العالم الآخر في الشعر العربي الحديث والمعاصر: الفردوس أنموذجا: دراسة موضوعاتية
250 _aالطبعة العربية الاولى
264 3 1 _aالجزائر:دار ميم للنشر، 2010
300 _a281ص
336 _atext
_btxt
_2rdacontent
337 _aunmediated
_bn
_2rdamedia
338 _avolume
_bnc
_2rdacarrier
650 4 _aالشعر العربي - الشعر الحديث - دراسة
_946337
999 _aA20149
_c23717
_d23717